000 01440cam a2200145 4500500
005 20251207004906.0
041 _afre
042 _adc
100 1 0 _aClavreul, Jean-Yves
_eauthor
700 1 0 _aThiaw, Ibrahim
_eauthor
245 0 0 _aPrendre soin des hommes et de la planète : Eau, terre, arbres et nutrition au Sud
260 _bL'Harmattan,
_c2024.
520 _aDepuis près de soixante ans, l’Afrique a bénéficié d’une multitude de programmes et de projets touchant à tous les domaines liés au développement. Malheureusement, très peu de ces expérimentations prometteuses ne furent capitalisées et mises à profit pour obtenir un effet positif et durable sur l’environnement.Dans cet ouvrage, Jean-Yves Clavreul développe quelques-unes de ces expérimentations mises en œuvre par des hommes ou des femmes de terrain ou par des chercheurs motivés par le développement durable.Acteur et témoin, il propose aussi toute une palette de solutions réalistes, souvent peu onéreuses et parfois utopiques, pour la restauration des écosystèmes.Là où est le problème, se trouve aussi le début d’une solution. Aidons la nature dans sa capacité extraordinaire de résilience afin qu’elle permette aux hommes de vivre encore très longtemps sur cette belle et unique planète.
856 4 1 _uhttps://stm.cairn.info/Prendre-soin-des-hommes-et-de-la-planete--9782336423562?lang=fr&redirect-ssocas=7080
999 _c1566103
_d1566103